Transformácie konfliktných línií vo Francúzsku a ich socio-ekonomické súvislosti bakalárska práca

Guardado en:
Detalles Bibliográficos
Autor principal: Sabolová, Laura
Autor Corporativo: Fakulta medzinárodných vzťahov EU. Katedra medzinárodných politických vzťahov
Otros Autores: Augustín, Michael, 1991-
Formato: Libro
Lenguaje:eslovaco
Publicado: Bratislava 2023
Etiquetas: Agregar Etiqueta
Sin Etiquetas, Sea el primero en etiquetar este registro!

MARC

LEADER 00000nbm a2200000 4500
001 0293189
005 20240321093057.4
041 0 |a slo 
044 |a SK 
245 1 0 |a Transformácie konfliktných línií vo Francúzsku a ich socio-ekonomické súvislosti  |b bakalárska práca  |c Laura Sabolová ; školiteľ: Michael Augustín 
264 1 |a Bratislava  |c 2023 
300 |a 54 s. 
100 1 |a Sabolová, Laura 
700 1 |a Augustín, Michael, 1991- 
710 2 |a Fakulta medzinárodných vzťahov EU. Katedra medzinárodných politických vzťahov